Management of public sector enterprise in India (Record no. 353382)

000 -LEADER
fixed length control field 00353cam a22001217a 4500
008 - FIXED-LENGTH DATA ELEMENTS--GENERAL INFORMATION
fixed length control field 180718b1986 xxu||||| |||| 00| 0 eng d
082 ## - DEWEY DECIMAL CLASSIFICATION NUMBER
Classification number U6x54 Sa69
245 ## - TITLE STATEMENT
Title Management of public sector enterprise in India
Statement of responsibility, etc. edited by R.K. Sapru
260 ## - PUBLICATION, DISTRIBUTION, ETC.
Place of publication, distribution, etc. Delhi
Name of publisher, distributor, etc. Ashish
Date of publication, distribution, etc. 1986
300 ## - PHYSICAL DESCRIPTION
Extent 2v.
650 ## - SUBJECT ADDED ENTRY--TOPICAL TERM
Topical term or geographic name entry element Government enterprises - India
700 ## - ADDED ENTRY--PERSONAL NAME
Personal name Sapru, R.K.
Holdings
Withdrawn status Lost status Damaged status Not for loan Permanent Location Current Location Date acquired Total Checkouts Full call number Barcode Date last seen Date last checked out Price effective from Koha item type Source of classification or shelving scheme
        Indian Institute of Public Administration Indian Institute of Public Administration 1996-11-18 1 U6x54 Sa69 62292 2022-04-28 2020-07-23 2018-07-21 Book  
        Indian Institute of Public Administration Indian Institute of Public Administration 1993-12-02 1 U6x54 Sa69 62291 2022-04-28 2020-07-23 2018-07-21 Book  
        Indian Institute of Public Administration Indian Institute of Public Administration 2021-01-13   TNC U6x54 Sa69 GR22196 2021-01-13   2021-01-13 GR  

Powered by Koha